| Tag |
First Indicator |
Second Indicator |
Subfields |
| LEADER |
00000cas a2200000 4500 |
| 001 |
in00000613249 |
| 005 |
20151014165522.0 |
| 008 |
780707c19339999nyuar 1uuua0eng |
| 010 |
|
|
|a 38020632
|
| 035 |
|
|
|a (OCoLC)04031545
|
| 035 |
|
|
|9 ACS5002AM
|
| 040 |
|
|
|a DLC
|c TXA
|d UtOrBLW
|
| 049 |
|
|
|a TXAE
|
| 050 |
0 |
0 |
|a QC320.A1
|b A6
|
| 082 |
0 |
|
|a 536.2
|
| 110 |
2 |
|
|a American Society of Mechanical Engineers.
|b Heat Transfer Committee.
|
| 245 |
1 |
0 |
|a Heat transfer ;
|b papers contributed by the Heat Transfer Committee of the Process Division and presented at the annual meeting of the American Society of Mechanical Engineers.
|
| 264 |
|
1 |
|a New York :
|b American Society of Mechanical Engineers,
|c [1935-]
|
| 300 |
|
|
|b illustrations ;
|c 28 cm. annual.
|
| 336 |
|
|
|a text
|b txt
|2 rdacontent
|
| 337 |
|
|
|a unmediated
|b n
|2 rdamedia
|
| 338 |
|
|
|a volume
|b nc
|2 rdacarrier
|
| 362 |
0 |
|
|a 1933-
|
| 500 |
|
|
|a Papers for 1933 and 1934 issued in one volume.
|
| 650 |
|
0 |
|a Heat
|x Transmission.
|
| 999 |
|
|
|a MARS
|
| 999 |
f |
f |
|s c3e669c7-e11a-385a-a7cd-c5d77cd21c42
|i 92deb36a-94f9-310d-86ac-f1381f5e8ec9
|t 0
|
| 952 |
f |
f |
|p ric
|a Texas A&M University
|b Rellis Campus
|c Joint Library Facility
|d Remote Storage
|t 0
|e QC320.A1 A6
|h Library of Congress classification
|i unmediated -- volume
|k v.23
|l 1983
|m A14807589167
|
| 952 |
f |
f |
|p ric
|a Texas A&M University
|b Rellis Campus
|c Joint Library Facility
|d Remote Storage
|t 0
|e QC320.A1 A6
|h Library of Congress classification
|i unmediated -- volume
|k v.27
|l 1983
|m A14807589222
|
| 952 |
f |
f |
|p ric
|a Texas A&M University
|b Rellis Campus
|c Joint Library Facility
|d Remote Storage
|t 0
|e QC320.A1 A6
|h Library of Congress classification
|i unmediated -- volume
|k v.24
|l 1983
|m A14807589400
|
| 952 |
f |
f |
|p ric
|a Texas A&M University
|b Rellis Campus
|c Joint Library Facility
|d Remote Storage
|t 0
|e QC320.A1 A6
|h Library of Congress classification
|i unmediated -- volume
|k v.26
|l 1983
|m A14807588802
|
| 952 |
f |
f |
|p ric
|a Texas A&M University
|b Rellis Campus
|c Joint Library Facility
|d Remote Storage
|t 0
|e QC320.A1 A6
|h Library of Congress classification
|i unmediated -- volume
|k v.25
|l 1983
|m A14807588860
|
| 998 |
f |
f |
|a QC320.A1 A6
|s v.23-27 (1983-1983)
|t 0
|l Remote Storage
|